| 000 | 00484nam a22001937a 4500 | ||
|---|---|---|---|
| 003 | OSt | ||
| 005 | 20180116183107.0 | ||
| 008 | 170829b xxu||||| |||| 00| 0 eng d | ||
| 020 | _a9780673188083 | ||
| 040 | _c0 | ||
| 082 | _a512.9 LIA 1998 | ||
| 100 | _aLial/Miller | ||
| 245 |
_aBeginning Algebra _cLial/Miller |
||
| 250 | _a5th | ||
| 260 |
_aUSA _bHarper Collins Publishers _c1998 |
||
| 300 |
_a446p. _bHb |
||
| 440 | _aBeginning Algebra | ||
| 942 |
_2ddc _cBK _k512.9 LIA 1998 |
||
| 999 |
_c352079 _d352079 |
||